000 00721nam a22002417a 4500
003 OSt
005 20140310181942.0
008 130724t xxu||||| |||| 00| 0 eng d
020 _a1569602131
050 _aPR 9193.3
_b.St847 1994
082 _aCLA St4t
_b1994
100 _aStevenson, Robert Louis
_91663
245 _aTreasure Island /
_cStevenson, Robert Louis.
260 _aNew York :
_bBook Essentials Promostions,
_cc1994.
300 _a249 p. ;
_c17 cm.
541 _j1
562 _e1
650 _aTreasure Island (Imaginary places
_93664
650 _aPirates--Fiction.
650 _aAdventure and adventures--Fiction.
650 _aBurried treasure
_93446
942 _2lcc
_cBBK
_kCLA
999 _c7686
_d7686